El nacimiento de la inteligencia en el niño
Gardado en:
| Autor Principal: | |
|---|---|
| Formato: | Libro |
| Idioma: | Lingua castelá |
| Publicado: |
Barcelona
Crítica
1985
|
| Series: | Serie General, Estudios y Ensayos
|
| Subjects: | |
| Tags: |
Engadir etiqueta
Sen Etiquetas, Sexa o primeiro en etiquetar este rexistro!
|
MARC
| LEADER | 00000nam a2200000 a 4500 | ||
|---|---|---|---|
| 001 | UCW4933 | ||
| 003 | CL-VaPUC | ||
| 008 | 901008e19850000SP |||||||||||||||||spa|d | ||
| 082 | 0 | 4 | |a 155.413 |b PIA |2 21 |
| 100 | 0 | |a Piaget, Jean |e author |9 308149 | |
| 245 | 1 | 3 | |a El nacimiento de la inteligencia en el niño |
| 300 | |a 398 p | ||
| 942 | |c BK | ||
| 945 | |d 19901008 00:00:00 | ||
| 260 | |a Barcelona |b Crítica |c 1985 | ||
| 650 | 7 | |a PSICOLOGIA GENETICA |2 CL-VaPUC |9 308771 | |
| 650 | 7 | |a CRECIMIENTO |2 CL-VaPUC |9 309762 | |
| 650 | 7 | |a MADURACION |2 CL-VaPUC |9 264873 | |
| 650 | 0 | |a Psicología del niño |9 307305 | |
| 583 | |a last modification |c 20130106 10:56:30 |k Rodrigo Vera | ||
| 490 | 0 | |a Serie General, Estudios y Ensayos | |
| 999 | |c 218500 |d 218498 | ||
| 952 | |0 0 |1 0 |4 0 |6 155_413000000000000_PIA_1985 |7 0 |8 A |9 208174 |a BIBEDU |b BIBEDU |d 2019-11-15 |i 2760576 |l 2 |m 1 |o 155.413 PIA 1985 |p 2760576 |r 2024-05-03 |s 2024-04-29 |w 2019-11-15 |y BK |k EDU | ||